00982 a2200217 4500003000500000005001700005020001500022040000900037082001200046100001700058245004300075250002700118260006000145300003100205440001300236505031800249650003600567942002100603999001900624952012100643NUST20221122125752.0 a8120326202 cNust a519,SAS aSastry, S.S. aEngineering Matheematics /cS.S.Sastry aThird EditionbVol :2, aPrentice-Hall of india Private LimitedbNew Delhic2004 axiv, 662 p.:billusc18 cm vVolume-2 aOrdinary Differential Equations (Page-1), Laplace Transforms (Page-174), Fourier Series and Integrals (Page-215), Partial Differential Equations (Page-266), Vector and Tensor Analysis (Page-352), Functions of a Complex Variable (Page-439), Advanced Numerical Methods (Page-541), Nonlinear Optimization (Page-613). aEngineering Matheematic9103342 2ddccBKk519,SAS c188763d188763 00102ddc4070aMCSbMCScGENd2016-12-12o519,SASpMCS31154r2016-12-08w2016-12-12yBKzAlmirah No.14, Shelf No.2